000 00525nam a2200193Ia 4500
008 130806t2011 xxu||||| |||| 00| 0 sin d
041 _asin
080 _a8-31
_bWIL
100 _aWild,Oska
245 _aඅපූරු සැමියා
246 _aApuru Samiya
260 _aGodage
_aColombo
_c2011
300 _b95p, 21 cm
500 _aSinhalese translation of Osca Wild's of Ideal Husband
700 _aGunasekara,Saman Pushpa
_etr.
942 _cBK
999 _c43732
_d43732
003 LK-CoDNM
040 _aLK-CoDNM
_dLK-CoDNM
_eLK-CoDNM